Vista normal Vista MARC

Entrada Materia (reunión)

Número de registros utilizados en: 1

001 - CONTROL NUMBER

  • control field: 43739

003 - CONTROL NUMBER IDENTIFIER

  • control field: Co-BoUCM

005 - DATE AND TIME OF LATEST TRANSACTION

  • control field: 20130828094412.0

008 - FIXED-LENGTH DATA ELEMENTS

  • fixed length control field: 130828|| aca||aabn | a|a d

040 ## - CATALOGING SOURCE

  • Original cataloging agency: Co-BoUCM
  • Transcribing agency: Co-BoUCM

111 ## - HEADING--MEETING NAME

  • Meeting name or jurisdiction name as entry element: ESPE Advanced Seminar in Developmental Endocrinology
  • Number of part/section/meeting: (6th
  • Date of meeting: 2012
  • Location of meeting: Bern, Switzerland)

670 ## - SOURCE DATA FOUND

  • Source citation: Work cat.: (Co-BoUCM)171333: ESPE Advanced Seminar in Developmental Endocrinology (6th 2012 Bern, Switzerland), Developmental biology of GH secretion, growth, and treatment, 2012.